Itching ears. (Record no. 12628)

000 -LEADER
fixed length control field 01028nam a2200241 a 4500
001 - CONTROL NUMBER
control field :::00010437$&:&@@
003 - CONTROL NUMBER IDENTIFIER
control field OkBaRHE
005 - DATE AND TIME OF LATEST TRANSACTION
control field 20110319131042.0
008 - FIXED-LENGTH DATA ELEMENTS--GENERAL INFORMATION
fixed length control field s1982 g 000 0 eng u
020 ## - INTERNATIONAL STANDARD BOOK NUMBER
International Standard Book Number 0892767111
040 ## - CATALOGING SOURCE
Transcribing agency
100 1# - MAIN ENTRY--PERSONAL NAME
Personal name Hagin, Kenneth W., 1939-
245 10 - TITLE STATEMENT
Title Itching ears.
260 ## - PUBLICATION, DISTRIBUTION, ETC. (IMPRINT)
Place of publication, distribution, etc Tulsa, OK., :
Name of publisher, distributor, etc RHEMA Bible Church
Date of publication, distribution, etc c1982
300 ## - PHYSICAL DESCRIPTION
Extent 31 p. ;
Dimensions 14 cm.
650 ## - SUBJECT ADDED ENTRY--TOPICAL TERM
Topical term or geographic name as entry element Christian Life
942 ## - ADDED ENTRY ELEMENTS (KOHA)
Source of classification or shelving scheme
Koha item type Books
Copies
Date checked out Current Location Koha item type Not for loan Barcode Withdrawn status Date last seen Permanent Location Source of classification or shelving scheme Full call number Lost status Collection code Damaged status Date acquired Copy number Total Checkouts Price effective from Shelving location
  Books 10437 2010-04-14RHEMA Bible Training College BV 4501 .H356   2010-04-141 2010-04-14General Stacks
  Books 14866 2010-04-14RHEMA Bible Training College BV 4501 .H356   2010-04-142 2010-04-14General Stacks
  Books 14867 2010-04-14RHEMA Bible Training College BV 4501 .H356   2010-04-143 2010-04-14General Stacks
 RHEMA Bible Training CollegeBooks 14010 2011-03-08RHEMA Bible Training College BV 4501 .H356 Reference 2011-03-084 2011-03-08General Stacks
2011-03-08RHEMA Bible Training CollegeBooks 21616 2011-03-19RHEMA Bible Training College BV 4501 .H356   2011-03-08512011-03-08General Stacks